Understanding installation art : from Duchamp to Holzer
Αποθηκεύτηκε σε:
| Κύριος συγγραφέας: | |
|---|---|
| Μορφή: | Βιβλίο |
| Γλώσσα: | English |
| Δημοσίευση: |
Munich :
Prestel,
c2003
|
| Θέματα: | |
| Ετικέτες: |
Προσθήκη ετικέτας
Δεν υπάρχουν, Καταχωρήστε ετικέτα πρώτοι!
|
MARC
| LEADER | 00000nam a2200000 i 4500 | ||
|---|---|---|---|
| 001 | 1/79057 | ||
| 008 | 080327s2003 eng d | ||
| 020 | |a 3-7913-2984-7 (pbk) | ||
| 035 | |l 10095872 | ||
| 040 | |a GR-MY-UA |b gre |e aacr | ||
| 041 | 0 | |a eng | |
| 082 | 0 | |a 709.04 |2 (22) | |
| 100 | 1 | |a Rosenthal, Mark |q (Mark Lawrence) | |
| 245 | 1 | 0 | |a Understanding installation art : |b from Duchamp to Holzer / |c Mark Rosenthal |
| 260 | |a Munich : |b Prestel, |c c2003 | ||
| 300 | |a 95 σ.; |b εικ. (μερ. έγχρ.); |c 27 εκ. | ||
| 504 | |a Βιβλιογραφία: σ. 92-93 | ||
| 650 | 0 | 0 | |a Installations (Art) |
| 852 | |a INST |b LESVOS |e 20080327 |h 709.04 ROS |p 005100038707 |q 005100038707 |t BK |y 0 | ||
| 901 | |a BIBL1-2008-1 | ||
| 909 | |a Λ |b 137529 | ||
| 922 | |a 1ΕΛΗ |b 200803 |c ΕΠΕΑΕΚ2/ΠΤΕ |d ΠΑΠΑΣΩΤΗΡΙΟΥ | ||
| 970 | |a ΓΙΑΛΑΜΑ |b ΜΑΡΙΑ |z 2008/03/27 | ||